Drop an M Quiz Stats

Quiz Updated May 10, 2016

Also try: Drop a T
Challenge
Share
Tweet
Embed
Score 0/15 Timer 03:00
5 Plays Today
% Correct
MUTTERING
88.1%
MARCH
83.5%
SLIMMED
83.3%
COMB
83.2%
NUTRIMENT
78.2%
AMBLER
77.6%
MINIMS
76.2%
RUMBLE
75.6%
% Correct
SCRUMPLED
70%
MASTER
69.4%
GAMMIER
68.9%
TREMBLING
59.1%
MAGMA
27.6%
DISMALLY
19.8%
PURISM
19.8%

You're not logged in!

Compare scores with friends on all Sporcle quizzes.
Join for Free
OR
Log In

You Might Also Like...

Show Comments

Extras

Top Quizzes Today


Score Distribution

Your Account Isn't Verified!

In order to create a playlist on Sporcle, you need to verify the email address you used during registration. Go to your Sporcle Settings to finish the process.

Report this User

Report this user for behavior that violates our Community Guidelines.

Details: